Diseño organizativo y factor humano (Registro nro. 31419)

Detalles MARC
000 -LEADER
fixed length control field 00319 a2200109 4500
001 - CONTROL NUMBER
control field ART_30615
005 - DATE AND TIME OF LATEST TRANSACTION
control field 20260410162002.0
008 - FIXED-LENGTH DATA ELEMENTS--GENERAL INFORMATION
fixed length control field 260409a
100 1# - MAIN ENTRY--PERSONAL NAME
Personal name Gilli, Juan José
245 10 - TITLE STATEMENT
Title Diseño organizativo y factor humano
773 0# - HOST ITEM ENTRY
Title Foro económico
Related parts - Año III, Nº 4 (mayo 1997)
Record control number REV30369

No hay ítems disponibles.